Futebol... ou futebol? - Statistics

Estatísticas Gerais
  • Esse quiz foi jogado 9 306 vezes
    9 304 desde o último reset
  • A pontuação média é 11 de 18
Estatísticas das Respostas
Questão Resposta % Correto
Um jogador pode marcar um touchdown Futebol Americano
98%
Cada time possui um goleiro Futebol
94%
"Linebacker" é uma posição Futebol Americano
94%
Muitos jogadores pesam mais de 136 quilogramas Futebol Americano
92%
Por vezes conhecido como "futebol gridiron" Futebol Americano
90%
Pênaltis podem ser marcados Futebol
77%
Existe pelo menos um jogador que pode jogar com as mãos Ambos
76%
Jogadores podem ser parte de uma unidade de "especialistas" Futebol Americano
67%
Pontos podem ser marcados após um chute na bola Ambos
66%
Um jogador pode levar um cartão vermelho Futebol
62%
Em jogos de alto nível, geralmente existe um árbitro e dois assistentes Futebol
58%
O relógio de jogo começa no 0 e seu tempo vai aumentando Futebol
56%
Muitos jogadores de alta qualidade técnica vêm da Alemanha Futebol
52%
Jogadores por vezes chutam a bola após ser posicionada em um canto do campo Futebol
35%
Membros da equipe de arbitragem usam bandeiras Ambos
27%
Um jogador pode estar adiantado e um árbitro assinalar falta por isso Ambos
25%
Cada time pode jogar com até 11 jogadores simultaneamente Ambos
21%
O campo pode ter 120 jardas Ambos
15%
Nenhum quiz correspondente encontrado
Distribuição das Pontuações
Porcentagem de Pessoas com Cada Pontuação
Percentil de Números Respondidos
Sua Pontuação Histórica
Você não jogou esse quiz desde o último reset